Gusto Si Arnab Tamak (Siri Asuhan alam Haiwan)

Bibliographic Details
Main Author: Nurul Haida
Format: Book
Published: Selangor : Vital Star Sdn. Bhd. , 2005
Subjects:

MARC

LEADER 00000cam a2200000 7i4500
001 0000054917
005 20070118.0
008 061109s2005
020 |a 9833306306 
090 0 0 |a J 899.2333 SIR 
100 0 |a Nurul Haida 
245 0 0 |a Gusto Si Arnab Tamak (Siri Asuhan alam Haiwan)   |c Nurul Haida 
260 |a Selangor :   |b Vital Star Sdn. Bhd. ,   |c 2005 
300 |a 22p. :   |b col.ill. ;   |c 23cm. 
650 0 0 |a Children's Stories, Malay 
999 |a 266522   |b Buku   |c Koleksi Pinjaman Kanak-Kanak   |e Perbadanan Perpustakaan Awam Melaka 
999 |a 266523   |b Buku   |c Koleksi Pinjaman Kanak-Kanak   |e Perpustakaan Cawangan Masjid Tanah 
999 |a 266524   |b Buku   |c Koleksi Pinjaman Kanak-Kanak   |e Perpustakaan Cawangan Merlimau 
999 |a 266525   |b Buku   |c Koleksi Pinjaman Kanak-Kanak   |e Perpustakaan Cawangan Jasin 
999 |a 270696   |b Buku   |c Koleksi Pinjaman Kanak-Kanak   |e Perbadanan Perpustakaan Awam Melaka 
999 |a 270697   |b Buku   |c Koleksi Pinjaman Kanak-Kanak   |e Perbadanan Perpustakaan Awam Melaka 
999 |a 270698   |b Buku   |c Koleksi Pinjaman Kanak-Kanak   |e Perbadanan Perpustakaan Awam Melaka 
999 |a 270699   |b Buku   |c Koleksi Pinjaman Kanak-Kanak   |e PERPUSTAKAAN PENJARA SUNGAI UDANG 
999 |a 270700   |b Buku   |c Koleksi Pinjaman Kanak-Kanak   |e Perbadanan Perpustakaan Awam Melaka 
999 |a 270701   |b Buku   |c Koleksi Pinjaman Kanak-Kanak   |e Perbadanan Perpustakaan Awam Melaka 
999 |a 270702   |b Buku   |c Koleksi Pinjaman Kanak-Kanak   |e Perbadanan Perpustakaan Awam Melaka 
999 |a 270703   |b Buku   |c Koleksi Pinjaman Kanak-Kanak   |e Perbadanan Perpustakaan Awam Melaka 
999 |a 270704   |b Buku   |c Koleksi Pinjaman Kanak-Kanak   |e Perbadanan Perpustakaan Awam Melaka 
999 |a 270705   |b Buku   |c Koleksi Pinjaman Kanak-Kanak   |e Perbadanan Perpustakaan Awam Melaka